| 000 | 00821nas a2200241 4500 | ||
|---|---|---|---|
| 001 | BR0706127 | ||
| 003 | BR-BrBNA | ||
| 005 | 20231205111238.0 | ||
| 007 | ta | ||
| 008 | 230509b bl.|||p| |||| 00| 00por d | ||
| 040 |
_aBR-BrBNA _bpor _cBiblioteca Nacional de Agricultura |
||
| 041 | _a(Pt) | ||
| 072 | _aL72; L73 | ||
| 100 | 1 | _aD' Agosto Bara, M. | |
| 100 | 1 | _aFreire, N.M. da S. | |
| 245 | 1 | _aInfecção natural de sanguessugas do gênero Diplobdella por Tripanosomas de Hypostomus punctatus valencienne (Osteichthyes, loricariidae) | |
| 650 | _aTRIPANOSOMA | ||
| 650 | _aDOENÇA ANIMAL | ||
| 650 | _aCASCUDO | ||
| 773 | 0 |
_tRevista da Faculdade de Veterinária da UFF (Brazil) _xISSN 0101-8884 _g(Jul-Dec 1984), v. 1(2) p. 55-58 _wBR0706127 |
|
| 909 |
_a202311 _bLúcia _c55 _dLúcia Elande |
||
| 942 |
_2AGRIS _n0 _cANA |
||
| 999 |
_c191587 _d191587 |
||